000 00276nam a2200121Ia 4500
008 231106s2018 xx 000 0 und d
041 _aeng
082 _a760.28
100 _aJUDY MARTIN
245 _aINDIAN ART : CLOSE UP
260 _bSEARCH PRESS
_c2018
300 _aP-176
999 _c920199
_d920199